[Event "DEM U10 2025"]
[Site "Willingen GER"]
[Date "2025.06.08"]
[Round "1"]
[White "Liu, Jonas"]
[Black "Leja, Luis"]
[Result "0-1"]
[Termination "normal"]
[Board "12"]
[WhiteElo "1645"]
[BlackElo "1344"]
[WhiteClock "00:42:16"]
[BlackClock "01:15:43"]
[PlyCount "76"]
[WhiteFideId "34660941"]
[BlackFideId "34699813"]
[EventCountry "GER"]
[EventRounds "9"]
[EventType "swiss"]
[EventDate "2025.06.07"]

1. e4 {[%clk 01:30:54]} {[%emt 00:00:05]} c6 {[%clk 01:30:55]} {[%emt
00:00:06]} 2. Nf3 {[%clk 01:31:04]} {[%emt 00:00:19]} d5 {[%clk 01:31:18]}
{[%emt 00:00:06]} 3. exd5 {[%clk 01:31:17]} {[%emt 00:00:18]} cxd5 {[%clk
01:31:41]} {[%emt 00:00:06]} 4. Ne5 {[%clk 01:31:13]} {[%emt 00:00:34]} Nc6
{[%clk 01:31:32]} {[%emt 00:00:39]} 5. Bb5 {[%clk 01:31:28]} {[%emt 00:00:13]}
Bd7 {[%clk 01:31:57]} {[%emt 00:00:07]} 6. Bxc6 {[%clk 01:31:42]} {[%emt
00:00:16]} Bxc6 {[%clk 01:31:57]} {[%emt 00:00:30]} 7. d4 {[%clk 01:31:58]}
{[%emt 00:00:12]} Nf6 {[%clk 01:32:12]} {[%emt 00:00:16]} 8. O-O {[%clk
01:31:39]} {[%emt 00:00:48]} e6 {[%clk 01:32:33]} {[%emt 00:00:11]} 9. Bf4
{[%clk 01:31:17]} {[%emt 00:00:52]} Bd6 {[%clk 01:32:36]} {[%emt 00:00:27]} 10.
c3 {[%clk 01:30:27]} {[%emt 00:01:20]} O-O {[%clk 01:32:23]} {[%emt 00:00:43]}
11. Nd2 {[%clk 01:30:16]} {[%emt 00:00:41]} Bxe5 {[%clk 01:32:36]} {[%emt
00:00:17]} 12. Bxe5 {[%clk 01:30:26]} {[%emt 00:00:20]} Nd7 {[%clk 01:32:55]}
{[%emt 00:00:11]} 13. Bg3 {[%clk 01:30:23]} {[%emt 00:00:32]} f5 {[%clk
01:29:16]} {[%emt 00:04:08]} 14. f3 {[%clk 01:27:57]} {[%emt 00:02:57]} f4
{[%clk 01:27:56]} {[%emt 00:01:51]} 15. Bf2 {[%clk 01:28:16]} {[%emt 00:00:10]}
Qg5 {[%clk 01:27:50]} {[%emt 00:00:35]} 16. Qe2 {[%clk 01:20:35]} {[%emt
00:08:12]} Rf6 {[%clk 01:26:21]} {[%emt 00:01:59]} 17. Nb3 {[%clk 01:17:29]}
{[%emt 00:03:36]} a6 {[%clk 01:26:05]} {[%emt 00:00:47]} 18. a4 {[%clk
01:17:48]} {[%emt 00:00:11]} b5 {[%clk 01:26:11]} {[%emt 00:00:23]} 19. a5
{[%clk 01:16:24]} {[%emt 00:01:54]} Rb8 {[%clk 01:24:47]} {[%emt 00:01:55]} 20.
Rfb1 {[%clk 01:13:51]} {[%emt 00:03:02]} Re8 {[%clk 01:21:14]} {[%emt
00:04:03]} 21. Qf1 {[%clk 01:08:00]} {[%emt 00:06:22]} Rg6 {[%clk 01:21:06]}
{[%emt 00:00:38]} 22. Nc1 {[%clk 01:05:20]} {[%emt 00:03:10]} b4 {[%clk
01:21:21]} {[%emt 00:00:15]} 23. g3 {[%clk 01:01:43]} {[%emt 00:04:06]} fxg3
{[%clk 01:20:32]} {[%emt 00:01:19]} 24. hxg3 {[%clk 01:01:44]} {[%emt
00:00:30]} Bb5 {[%clk 01:20:54]} {[%emt 00:00:08]} 25. Qg2 {[%clk 00:59:07]}
{[%emt 00:03:07]} Rf8 {[%clk 01:20:39]} {[%emt 00:00:46]} 26. cxb4 {[%clk
00:55:41]} {[%emt 00:03:56]} e5 {[%clk 01:20:38]} {[%emt 00:00:31]} 27. dxe5
{[%clk 00:54:17]} {[%emt 00:01:53]} Nxe5 {[%clk 01:20:59]} {[%emt 00:00:09]}
28. f4 {[%clk 00:52:57]} {[%emt 00:01:51]} Rxf4 {[%clk 01:21:10]} {[%emt
00:00:19]} 29. Qxd5+ {[%clk 00:52:42]} {[%emt 00:00:45]} Rf7 {[%clk 01:18:08]}
{[%emt 00:03:33]} 30. Qa2 {[%clk 00:48:33]} {[%emt 00:04:38]} Bc4 {[%clk
01:17:58]} {[%emt 00:00:40]} 31. b3 {[%clk 00:48:51]} {[%emt 00:00:12]} Bd5
{[%clk 01:17:15]} {[%emt 00:01:14]} 32. Ne2 {[%clk 00:46:05]} {[%emt 00:03:14]}
Nf3+ {[%clk 01:17:23]} {[%emt 00:00:23]} 33. Kf1 {[%clk 00:45:58]} {[%emt
00:00:37]} Nd2+ {[%clk 01:16:36]} {[%emt 00:01:17]} 34. Kg1 {[%clk 00:45:32]}
{[%emt 00:00:55]} Nxb1 {[%clk 01:16:41]} {[%emt 00:00:26]} 35. Rxb1 {[%clk
00:45:43]} {[%emt 00:00:19]} Rh6 {[%clk 01:16:38]} {[%emt 00:00:33]} 36. Kf1
{[%clk 00:44:06]} {[%emt 00:02:07]} Rh1+ {[%clk 01:16:44]} {[%emt 00:00:25]}
37. Ng1 {[%clk 00:44:19]} {[%emt 00:00:16]} Qxg3 {[%clk 01:16:44]} {[%emt
00:00:30]} 38. Ke1 {[%clk 00:42:16]} {[%emt 00:02:33]} Rxg1+ {[%clk 01:15:43]}
{[%emt 00:01:32]} 0-1

[Event "DEM U10 2025"]
[Site "Willingen GER"]
[Date "2025.06.08"]
[Round "1"]
[White "Peterson, James"]
[Black "Lüttgen, Jona"]
[Result "0-1"]
[Termination "normal"]
[Board "13"]
[WhiteElo "1338"]
[BlackElo "1621"]
[WhiteClock "00:38:21"]
[BlackClock "00:45:42"]
[PlyCount "42"]
[WhiteFideId "34692452"]
[BlackFideId "533014124"]
[EventCountry "GER"]
[EventRounds "9"]
[EventType "swiss"]
[EventDate "2025.06.07"]

1. d4 {[%clk 01:30:56]} {[%emt 00:00:03]} f5 {[%clk 01:30:55]} {[%emt
00:00:05]} 2. Nf3 {[%clk 01:30:53]} {[%emt 00:00:34]} Nf6 {[%clk 01:31:02]}
{[%emt 00:00:23]} 3. Nc3 {[%clk 01:31:02]} {[%emt 00:00:21]} e6 {[%clk
01:30:31]} {[%emt 00:01:01]} 4. Bg5 {[%clk 01:30:44]} {[%emt 00:00:48]} Be7
{[%clk 01:30:44]} {[%emt 00:00:16]} 5. e3 {[%clk 01:30:46]} {[%emt 00:00:28]}
O-O {[%clk 01:30:06]} {[%emt 00:01:08]} 6. Bd3 {[%clk 01:30:00]} {[%emt
00:01:16]} d5 {[%clk 01:28:47]} {[%emt 00:01:49]} 7. O-O {[%clk 01:29:32]}
{[%emt 00:00:58]} Ne4 {[%clk 01:28:15]} {[%emt 00:01:01]} 8. Bxe7 {[%clk
01:29:22]} {[%emt 00:00:40]} Qxe7 {[%clk 01:28:38]} {[%emt 00:00:07]} 9. Bxe4
{[%clk 01:29:10]} {[%emt 00:00:43]} fxe4 {[%clk 01:28:39]} {[%emt 00:00:29]}
10. Ne5 {[%clk 01:29:02]} {[%emt 00:00:38]} Nd7 {[%clk 01:23:00]} {[%emt
00:06:08]} 11. Nxd7 {[%clk 01:25:02]} {[%emt 00:04:29]} Bxd7 {[%clk 01:23:05]}
{[%emt 00:00:26]} 12. Ne2 {[%clk 01:25:10]} {[%emt 00:00:22]} Rf6 {[%clk
01:17:20]} {[%emt 00:06:15]} 13. Nf4 {[%clk 01:24:31]} {[%emt 00:01:09]} Rh6
{[%clk 01:14:04]} {[%emt 00:03:46]} 14. c3 {[%clk 00:48:57]} {[%emt 00:36:04]}
Rf8 {[%clk 01:08:07]} {[%emt 00:06:26]} 15. Rc1 {[%clk 00:43:26]} {[%emt
00:06:01]} e5 {[%clk 01:01:05]} {[%emt 00:07:32]} 16. dxe5 {[%clk 00:43:17]}
{[%emt 00:00:38]} Qh4 {[%clk 01:00:28]} {[%emt 00:01:07]} 17. h3 {[%clk
00:42:30]} {[%emt 00:01:18]} c6 {[%clk 00:52:30]} {[%emt 00:08:24]} 18. c4
{[%clk 00:42:16]} {[%emt 00:00:49]} Rxf4 {[%clk 00:46:56]} {[%emt 00:06:03]}
19. exf4 {[%clk 00:41:08]} {[%emt 00:01:38]} Bxh3 {[%clk 00:47:03]} {[%emt
00:00:23]} 20. f3 {[%clk 00:39:27]} {[%emt 00:02:12]} Bxg2 {[%clk 00:45:36]}
{[%emt 00:01:55]} 21. Re1 {[%clk 00:38:21]} {[%emt 00:01:37]} Qh2+ {[%clk
00:45:42]} {[%emt 00:00:25]} 0-1

[Event "DEM U10 2025"]
[Site "Willingen GER"]
[Date "2025.06.08"]
[Round "1"]
[White "Stopp, Bruno"]
[Black "Kindermann, Justus"]
[Result "0-1"]
[Termination "normal"]
[Board "14"]
[WhiteElo "1519"]
[BlackElo "1635"]
[WhiteClock "00:44:47"]
[BlackClock "00:29:09"]
[PlyCount "160"]
[WhiteFideId "34640347"]
[BlackFideId "34678840"]
[EventCountry "GER"]
[EventRounds "9"]
[EventType "swiss"]
[EventDate "2025.06.07"]

1. e4 {[%clk 01:30:58]} {[%emt 00:00:02]} e5 {[%clk 01:30:56]} {[%emt
00:00:05]} 2. Nf3 {[%clk 01:31:22]} {[%emt 00:00:05]} Nf6 {[%clk 01:31:23]}
{[%emt 00:00:04]} 3. Nxe5 {[%clk 01:31:42]} {[%emt 00:00:11]} d6 {[%clk
01:31:48]} {[%emt 00:00:05]} 4. Nf3 {[%clk 01:32:04]} {[%emt 00:00:07]} Nxe4
{[%clk 01:32:10]} {[%emt 00:00:08]} 5. Qe2 {[%clk 01:30:19]} {[%emt 00:02:15]}
Qe7 {[%clk 01:31:57]} {[%emt 00:00:43]} 6. d3 {[%clk 01:30:32]} {[%emt
00:00:18]} Nf6 {[%clk 01:32:24]} {[%emt 00:00:03]} 7. Bg5 {[%clk 01:30:50]}
{[%emt 00:00:11]} Qxe2+ {[%clk 01:30:37]} {[%emt 00:02:18]} 8. Bxe2 {[%clk
01:31:11]} {[%emt 00:00:10]} Be7 {[%clk 01:31:01]} {[%emt 00:00:06]} 9. O-O
{[%clk 01:31:13]} {[%emt 00:00:28]} Be6 {[%clk 01:29:44]} {[%emt 00:01:47]} 10.
Nc3 {[%clk 01:30:27]} {[%emt 00:01:16]} Nbd7 {[%clk 01:27:03]} {[%emt
00:03:09]} 11. Nb5 {[%clk 01:26:45]} {[%emt 00:04:14]} Bd8 {[%clk 01:13:15]}
{[%emt 00:14:18]} 12. d4 {[%clk 01:23:54]} {[%emt 00:03:21]} a6 {[%clk
01:09:08]} {[%emt 00:04:37]} 13. Nc3 {[%clk 01:24:07]} {[%emt 00:00:15]} O-O
{[%clk 01:04:44]} {[%emt 00:04:55]} 14. Rad1 {[%clk 01:23:10]} {[%emt
00:01:27]} d5 {[%clk 01:04:13]} {[%emt 00:01:01]} 15. Bf4 {[%clk 01:14:45]}
{[%emt 00:08:55]} Rc8 {[%clk 01:02:18]} {[%emt 00:02:25]} 16. Ne5 {[%clk
01:12:52]} {[%emt 00:02:22]} c6 {[%clk 00:58:10]} {[%emt 00:04:38]} 17. Nb1
{[%clk 01:03:04]} {[%emt 00:10:19]} b5 {[%clk 00:57:34]} {[%emt 00:01:06]} 18.
b3 {[%clk 01:01:50]} {[%emt 00:01:44]} Nxe5 {[%clk 00:55:02]} {[%emt 00:03:01]}
19. Bxe5 {[%clk 01:00:16]} {[%emt 00:02:03]} Bc7 {[%clk 00:46:50]} {[%emt
00:08:41]} 20. Bxf6 {[%clk 00:57:17]} {[%emt 00:03:30]} gxf6 {[%clk 00:47:08]}
{[%emt 00:00:12]} 21. f4 {[%clk 00:56:28]} {[%emt 00:01:19]} Bf5 {[%clk
00:46:27]} {[%emt 00:01:11]} 22. Bd3 {[%clk 00:56:27]} {[%emt 00:00:31]} Bg6
{[%clk 00:41:55]} {[%emt 00:05:00]} 23. h3 {[%clk 00:54:31]} {[%emt 00:02:27]}
Bxd3 {[%clk 00:40:41]} {[%emt 00:01:45]} 24. Rxd3 {[%clk 00:54:49]} {[%emt
00:00:12]} Kh8 {[%clk 00:38:47]} {[%emt 00:02:23]} 25. b4 {[%clk 00:46:00]}
{[%emt 00:09:20]} a5 {[%clk 00:36:09]} {[%emt 00:03:08]} 26. a3 {[%clk
00:43:57]} {[%emt 00:02:33]} axb4 {[%clk 00:33:11]} {[%emt 00:03:28]} 27. axb4
{[%clk 00:44:19]} {[%emt 00:00:08]} Bd6 {[%clk 00:32:38]} {[%emt 00:01:02]} 28.
Rb3 {[%clk 00:44:04]} {[%emt 00:00:45]} Rfe8 {[%clk 00:32:26]} {[%emt
00:00:42]} 29. Nc3 {[%clk 00:44:02]} {[%emt 00:00:33]} Re3 {[%clk 00:32:31]}
{[%emt 00:00:26]} 30. Ra1 {[%clk 00:41:44]} {[%emt 00:02:47]} Bxb4 {[%clk
00:30:55]} {[%emt 00:02:06]} 31. Rxb4 {[%clk 00:42:04]} {[%emt 00:00:10]} Rxc3
{[%clk 00:31:20]} {[%emt 00:00:04]} 32. Ra7 {[%clk 00:41:51]} {[%emt 00:00:43]}
Kg7 {[%clk 00:31:19]} {[%emt 00:00:31]} 33. Rb2 {[%clk 00:41:42]} {[%emt
00:00:40]} Rc4 {[%clk 00:31:17]} {[%emt 00:00:31]} 34. c3 {[%clk 00:40:36]}
{[%emt 00:01:37]} Rxc3 {[%clk 00:31:27]} {[%emt 00:00:20]} 35. Re2 {[%clk
00:41:01]} {[%emt 00:00:05]} b4 {[%clk 00:30:39]} {[%emt 00:01:18]} 36. Rb7
{[%clk 00:39:14]} {[%emt 00:02:17]} Rc4 {[%clk 00:29:58]} {[%emt 00:01:09]} 37.
Rd2 {[%clk 00:38:57]} {[%emt 00:00:49]} Re8 {[%clk 00:29:29]} {[%emt 00:00:56]}
38. Kf2 {[%clk 00:39:19]} {[%emt 00:00:11]} Re4 {[%clk 00:29:49]} {[%emt
00:00:10]} 39. Rc7 {[%clk 00:39:30]} {[%emt 00:00:18]} Rexd4 {[%clk 00:29:49]}
{[%emt 00:00:30]} 40. Rxd4 {[%clk 00:39:50]} {[%emt 00:00:10]} Rxd4 {[%clk
00:30:08]} {[%emt 00:00:10]} 41. Rxc6 {[%clk 00:40:15]} {[%emt 00:00:07]} Rxf4+
{[%clk 00:29:45]} {[%emt 00:00:53]} 42. Ke3 {[%clk 00:40:38]} {[%emt 00:00:07]}
Rc4 {[%clk 00:30:07]} {[%emt 00:00:08]} 43. Rd6 {[%clk 00:40:57]} {[%emt
00:00:11]} Rc5 {[%clk 00:29:22]} {[%emt 00:01:15]} 44. Rb6 {[%clk 00:40:59]}
{[%emt 00:00:28]} Rc4 {[%clk 00:29:29]} {[%emt 00:00:24]} 45. Rd6 {[%clk
00:41:23]} {[%emt 00:00:06]} d4+ {[%clk 00:29:48]} {[%emt 00:00:11]} 46. Kd3
{[%clk 00:40:23]} {[%emt 00:01:29]} Rc1 {[%clk 00:29:20]} {[%emt 00:00:58]} 47.
Rb6 {[%clk 00:39:32]} {[%emt 00:01:21]} Rd1+ {[%clk 00:27:39]} {[%emt
00:02:10]} 48. Kc4 {[%clk 00:38:34]} {[%emt 00:01:22]} Rd2 {[%clk 00:23:57]}
{[%emt 00:04:17]} 49. Rxb4 {[%clk 00:38:40]} {[%emt 00:00:25]} Rxg2 {[%clk
00:24:17]} {[%emt 00:00:10]} 50. Kxd4 {[%clk 00:39:02]} {[%emt 00:00:09]} Rg3
{[%clk 00:24:39]} {[%emt 00:00:08]} 51. Rb2 {[%clk 00:38:58]} {[%emt 00:00:33]}
Rxh3 {[%clk 00:24:25]} {[%emt 00:00:44]} 52. Rg2+ {[%clk 00:39:21]} {[%emt
00:00:06]} Kh6 {[%clk 00:24:23]} {[%emt 00:00:33]} 53. Ke4 {[%clk 00:39:37]}
{[%emt 00:00:15]} Rh5 {[%clk 00:24:41]} {[%emt 00:00:12]} 54. Kf4 {[%clk
00:39:45]} {[%emt 00:00:21]} Rg5 {[%clk 00:25:05]} {[%emt 00:00:07]} 55. Rh2+
{[%clk 00:39:47]} {[%emt 00:00:28]} Kg6 {[%clk 00:25:29]} {[%emt 00:00:06]} 56.
Rh1 {[%clk 00:40:02]} {[%emt 00:00:14]} h5 {[%clk 00:25:50]} {[%emt 00:00:10]}
57. Rh2 {[%clk 00:40:20]} {[%emt 00:00:12]} Rg4+ {[%clk 00:26:07]} {[%emt
00:00:13]} 58. Kf3 {[%clk 00:40:41]} {[%emt 00:00:08]} Kg5 {[%clk 00:26:20]}
{[%emt 00:00:16]} 59. Rh3 {[%clk 00:40:32]} {[%emt 00:00:40]} h4 {[%clk
00:26:13]} {[%emt 00:00:37]} 60. Rh2 {[%clk 00:40:47]} {[%emt 00:00:15]} f5
{[%clk 00:25:34]} {[%emt 00:01:10]} 61. Rh1 {[%clk 00:41:05]} {[%emt 00:00:11]}
Rg3+ {[%clk 00:25:44]} {[%emt 00:01:10]} 62. Kf2 {[%clk 00:41:30]} {[%emt
00:00:04]} Kg4 {[%clk 00:25:30]} {[%emt 00:00:46]} 63. Rh2 {[%clk 00:41:11]}
{[%emt 00:00:48]} h3 {[%clk 00:25:47]} {[%emt 00:00:13]} 64. Rh1 {[%clk
00:41:34]} {[%emt 00:00:07]} f4 {[%clk 00:26:08]} {[%emt 00:00:10]} 65. Ra1
{[%clk 00:41:33]} {[%emt 00:00:31]} Rg2+ {[%clk 00:26:26]} {[%emt 00:00:12]}
66. Kf1 {[%clk 00:41:56]} {[%emt 00:00:06]} Kg3 {[%clk 00:26:39]} {[%emt
00:00:17]} 67. Ra3+ {[%clk 00:42:09]} {[%emt 00:00:17]} f3 {[%clk 00:26:37]}
{[%emt 00:00:33]} 68. Ra5 {[%clk 00:41:58]} {[%emt 00:00:40]} f6 {[%clk
00:25:51]} {[%emt 00:01:16]} 69. Rh5 {[%clk 00:41:42]} {[%emt 00:00:44]} h2
{[%clk 00:25:42]} {[%emt 00:00:41]} 70. Ke1 {[%clk 00:41:56]} {[%emt 00:00:14]}
Rg1+ {[%clk 00:25:59]} {[%emt 00:00:15]} 71. Kd2 {[%clk 00:42:21]} {[%emt
00:00:05]} h1=Q {[%clk 00:26:18]} {[%emt 00:00:11]} 72. Rg5+ {[%clk 00:42:37]}
{[%emt 00:00:14]} fxg5 {[%clk 00:26:42]} {[%emt 00:00:06]} 73. Ke3 {[%clk
00:42:54]} {[%emt 00:00:13]} Re1+ {[%clk 00:27:05]} {[%emt 00:00:06]} 74. Kd3
{[%clk 00:43:05]} {[%emt 00:00:16]} Qh4 {[%clk 00:27:27]} {[%emt 00:00:12]} 75.
Kd2 {[%clk 00:43:07]} {[%emt 00:00:29]} Qe4 {[%clk 00:27:49]} {[%emt 00:00:07]}
76. Kc3 {[%clk 00:43:25]} {[%emt 00:00:11]} Re3+ {[%clk 00:28:12]} {[%emt
00:00:08]} 77. Kd2 {[%clk 00:43:46]} {[%emt 00:00:09]} Qd3+ {[%clk 00:28:36]}
{[%emt 00:00:05]} 78. Kc1 {[%clk 00:44:06]} {[%emt 00:00:10]} Qc3+ {[%clk
00:28:55]} {[%emt 00:00:11]} 79. Kb1 {[%clk 00:44:25]} {[%emt 00:00:11]} Re1+
{[%clk 00:29:14]} {[%emt 00:00:12]} 80. Ka2 {[%clk 00:44:47]} {[%emt 00:00:08]}
Ra1# {[%clk 00:29:09]} {[%emt 00:00:04]} 0-1

[Event "DEM U10 2025"]
[Site "Willingen GER"]
[Date "2025.06.08"]
[Round "1"]
[White "Hübner, Jakob"]
[Black "Reese, Oscar"]
[Result "0-1"]
[Termination "normal"]
[Board "15"]
[WhiteElo "1314"]
[BlackElo "1666"]
[WhiteClock "01:14:17"]
[BlackClock "01:11:17"]
[PlyCount "70"]
[WhiteFideId "34684107"]
[BlackFideId "34644474"]
[EventCountry "GER"]
[EventRounds "9"]
[EventType "swiss"]
[EventDate "2025.06.07"]

1. e4 {[%clk 01:30:59]} {[%emt 00:00:01]} c5 {[%clk 01:30:52]} {[%emt
00:00:08]} 2. Nc3 {[%clk 01:31:26]} {[%emt 00:00:03]} Nc6 {[%clk 01:31:07]}
{[%emt 00:00:15]} 3. Nge2 {[%clk 01:31:50]} {[%emt 00:00:06]} e6 {[%clk
01:31:18]} {[%emt 00:00:19]} 4. g3 {[%clk 01:32:15]} {[%emt 00:00:05]} g6
{[%clk 01:31:07]} {[%emt 00:00:41]} 5. Bg2 {[%clk 01:32:37]} {[%emt 00:00:06]}
Bg7 {[%clk 01:31:29]} {[%emt 00:00:09]} 6. d3 {[%clk 01:32:58]} {[%emt
00:00:10]} Nge7 {[%clk 01:31:25]} {[%emt 00:00:33]} 7. h4 {[%clk 01:33:21]}
{[%emt 00:00:08]} d5 {[%clk 01:31:35]} {[%emt 00:00:20]} 8. exd5 {[%clk
01:33:30]} {[%emt 00:00:21]} Nxd5 {[%clk 01:31:40]} {[%emt 00:00:26]} 9. h5
{[%clk 01:32:41]} {[%emt 00:01:15]} Nxc3 {[%clk 01:30:04]} {[%emt 00:02:09]}
10. Nxc3 {[%clk 01:32:47]} {[%emt 00:00:24]} Bxc3+ {[%clk 01:27:13]} {[%emt
00:03:22]} 11. bxc3 {[%clk 01:32:58]} {[%emt 00:00:19]} Qf6 {[%clk 01:26:43]}
{[%emt 00:00:59]} 12. Bd2 {[%clk 01:30:35]} {[%emt 00:02:52]} Bd7 {[%clk
01:26:26]} {[%emt 00:00:48]} 13. hxg6 {[%clk 01:29:45]} {[%emt 00:01:19]} hxg6
{[%clk 01:26:29]} {[%emt 00:00:27]} 14. Rxh8+ {[%clk 01:29:00]} {[%emt
00:01:15]} Qxh8 {[%clk 01:26:48]} {[%emt 00:00:11]} 15. Qf3 {[%clk 01:27:58]}
{[%emt 00:01:32]} Qe5+ {[%clk 01:24:44]} {[%emt 00:02:34]} 16. Qe3 {[%clk
01:27:37]} {[%emt 00:00:49]} O-O-O {[%clk 01:22:52]} {[%emt 00:02:25]} 17. Bxc6
{[%clk 01:27:50]} {[%emt 00:00:18]} Qxe3+ {[%clk 01:23:02]} {[%emt 00:00:20]}
18. Bxe3 {[%clk 01:28:04]} {[%emt 00:00:16]} Bxc6 {[%clk 01:23:20]} {[%emt
00:00:12]} 19. Bxc5 {[%clk 01:28:23]} {[%emt 00:00:11]} b6 {[%clk 01:22:21]}
{[%emt 00:01:29]} 20. Be3 {[%clk 01:28:17]} {[%emt 00:00:34]} Ba4 {[%clk
01:21:56]} {[%emt 00:00:57]} 21. Kd2 {[%clk 01:28:28]} {[%emt 00:00:18]} Rh8
{[%clk 01:21:35]} {[%emt 00:00:50]} 22. Bd4 {[%clk 01:28:25]} {[%emt 00:00:34]}
Rh2 {[%clk 01:21:13]} {[%emt 00:00:52]} 23. Re1 {[%clk 01:28:13]} {[%emt
00:00:37]} Kd7 {[%clk 01:20:59]} {[%emt 00:00:48]} 24. Re4 {[%clk 01:26:28]}
{[%emt 00:02:15]} g5 {[%clk 01:19:51]} {[%emt 00:01:40]} 25. Be3 {[%clk
01:24:47]} {[%emt 00:02:10]} Bc6 {[%clk 01:18:57]} {[%emt 00:01:24]} 26. Rd4+
{[%clk 01:24:58]} {[%emt 00:00:17]} Kc7 {[%clk 01:19:09]} {[%emt 00:00:19]} 27.
Ke2 {[%clk 01:24:40]} {[%emt 00:00:48]} f6 {[%emt 00:02:22]} 28. Bc1 {[%clk
01:23:15]} {[%emt 00:00:03]} e5 {[%clk 01:17:53]} {[%emt 00:01:45]} 29. Rc4
{[%clk 01:18:47]} {[%emt 00:04:57]} Rh1 {[%clk 01:14:28]} {[%emt 00:03:56]} 30.
Ba3 {[%clk 01:17:11]} {[%emt 00:02:02]} b5 {[%clk 01:11:57]} {[%emt 00:03:06]}
31. Rg4 {[%clk 01:17:03]} {[%emt 00:00:21]} a5 {[%clk 01:11:11]} {[%emt
00:01:32]} 32. Be7 {[%clk 01:16:31]} {[%emt 00:01:01]} Bd7 {[%clk 01:11:01]}
{[%emt 00:00:41]} 33. Re4 {[%clk 01:15:23]} {[%emt 00:01:33]} Bf5 {[%clk
01:10:35]} {[%emt 00:01:01]} 34. Re3 {[%clk 01:14:51]} {[%emt 00:01:00]} Bg4+
{[%clk 01:10:57]} {[%emt 00:00:10]} 35. Kd2 {[%clk 01:14:17]} {[%emt 00:00:54]}
Rd1# {[%clk 01:11:17]} {[%emt 00:00:19]} 0-1